=LDR 00000nam 2200000 4500 =001 INLIS000000000049501 =005 20170224071500.0 =006 =007 =008 =020 ##$$a 978-979-2804-54-6 =035 ##$$0010-021700000000293 =040 ##$$a NBPDMAT =082 ##$$a 910.959 865 =090 ##$$a 910.959 865 $bErn s =100 ##$$a Erna Dwi P =245 ##$$a Selayang pandang Nusa Tenggara Barat $c/ Erna Dwi P, S.Pd. =250 ##$$a Cet. 1 =260 ##$$a Solo $b Intan Pariwara $c 2008 =300 ##$$a iv, 60 hlm. : $b ilus. ; $c 21 cm =500 ##$$a Bibliografi hlm : 60 =650 ##$$a Geografi NTB =850 ##$$a NBPDMAT =990 ##$$a 21604900 =990 ##$$a 21604901 =990 ##$$a 21604902 =990 ##$$a 21604903 =990 ##$$a 21604904 =990 ##$$a 21604904 =990 ##$$a 21604900 =990 ##$$a 21604901 =990 ##$$a 21604902 =990 ##$$a 21604903 =990 ##$$a 21604901 =990 ##$$a 21604900 =990 ##$$a 21604902 =990 ##$$a 21604903 =990 ##$$a 21604904 =990 ##$$a 21604900 =990 ##$$a 21604901 =990 ##$$a 21604902 =990 ##$$a 21604903 =990 ##$$a 21604904 =990 ##$$a 21604903 =990 ##$$a 21604900 =990 ##$$a 21604901 =990 ##$$a 21604902 =990 ##$$a 21604904 =990 ##$$a 21604903 =990 ##$$a 21604900 =990 ##$$a 21604901 =990 ##$$a 21604902 =990 ##$$a 21604904